00628 2200193 4500001002100000005001500021035002000036007000300056008003900059082002300098084002900121100001200150245012300162260004800285300002800333856002700361650003000388990001600418INLIS00000000000726020241018110527 a0010-0924000414ta241018 | | |  a616.2 072 598 15 5 a616.2 072 598 15 5 SUR f0 asuriani1 afaktor faktor yang mempengaruhi penyakit ispa pada balita di wilayah kerja puskesmas simbur naik tahun 2024 /csuriani ajambi :buniversitas adiwangsa jambi,c2024 axiv.65p :bilus ;c29cm askripsi s1 keperawatan 4aPenyakit ispa pada balita a00000012543